[Event "FB21 1920 USV TU Dresden - SV Merseburg"]
[Site "?"]
[Date "2019.12.14"]
[Round "3.6"]
[White "Gottschall, Ina"]
[Black "Kuemmel, Tina"]
[Result "1/2-1/2"]
[WhiteElo "1632"]
[BlackElo "1448"]
[PlyCount "52"]
[EventDate "2019.??.??"]

1. d4 Nf6 2. c4 g6 3. Nc3 Bg7 4. e4 d6 5. h3 O-O 6. Be3 Nbd7 7. Nf3 e5 8. d5 a6
9. Bd3 Nh5 10. Qd2 f5 11. Bh6 Nf4 12. Bxf4 exf4 13. O-O Nc5 14. Bc2 Bxc3 15.
Qxc3 Nxe4 16. Qd4 Qf6 17. Rfe1 Ng5 18. Qxf6 Nxf3+ 19. gxf3 Rxf6 20. Re8+ Kg7
21. Rae1 b5 22. b3 Rf7 23. Rd8 Bb7 24. Rxa8 Bxa8 25. Re8 Rf8 26. Re7+ Rf7
1/2-1/2

[Event "FB21 1920 SC Rotation Pankow - SG 1871 "]
[Site "?"]
[Date "2019.12.14"]
[Round "3.1"]
[White "Reizniece-Ozola, Dana"]
[Black "Wagner-Michel, Annett"]
[Result "1-0"]
[WhiteElo "2308"]
[BlackElo "2039"]
[PlyCount "165"]
[EventDate "2019.??.??"]

1. c4 e5 2. Nc3 Nf6 3. g3 d5 4. cxd5 Nxd5 5. Bg2 Nb6 6. e3 Nc6 7. Nge2 Bf5 8.
O-O Bd3 9. a3 Be7 10. f4 O-O 11. fxe5 Nxe5 12. Bxb7 Rb8 13. Bg2 c5 14. b3 a5
15. Ne4 f5 16. Nf2 Bf6 17. Bb2 Nf3+ 18. Bxf3 Bxb2 19. Ra2 Bf6 20. Nxd3 Qxd3 21.
Nf4 Qd6 22. Rc2 g5 23. Ne2 Nd7 24. d4 Qe6 25. dxc5 Qxe3+ 26. Kh1 Nxc5 27. Qd5+
Ne6 28. Rc6 Rbe8 29. Bh5 Re7 30. Rxf5 Kg7 31. Qf3 Qxf3+ 32. Bxf3 Bb2 33. Rxf8
Kxf8 34. b4 axb4 35. axb4 Nd4 36. Nxd4 Bxd4 37. Rd6 Re1+ 38. Kg2 Be3 39. b5
Rg1+ 40. Kh3 Rb1 41. Rd8+ Ke7 42. Rb8 Rb2 43. Kg4 h5+ 44. Kf5 g4 45. Be4 Kd6
46. Kg6 Rb4 47. Bc6 Bg1 48. Rd8+ Kc7 49. Rd7+ Kb6 50. Rd2 Be3 51. Re2 Bg1 52.
Kxh5 Rd4 53. Kg5 Rc4 54. Kf5 Rd4 55. Kg5 Rc4 56. Bd7 Rd4 57. Bxg4 Kxb5 58. h4
Rd3 59. Rg2 Be3+ 60. Kf5 Kc5 61. Ke4 Ra3 62. Bf5 Bh6 63. Bg6 Kd6 64. Kf5 Rf3+
65. Kg4 Re3 66. Kh5 Bg7 67. g4 Rf3 68. Bf5 Ke7 69. Kg6 Bc3 70. g5 Be5 71. Re2
Kd6 72. Rd2+ Ke7 73. Rd7+ Ke8 74. Rd5 Bb2 75. h5 Rg3 76. h6 Rg2 77. h7 Rh2 78.
Rb5 Ba1 79. Bg4 Rd2 80. Rb8+ Rd8 81. Rxd8+ Kxd8 82. Kf7 Bh8 83. g6 1-0

[Event "FB21 1920 SC Rotation Pankow - SG 1871 "]
[Site "?"]
[Date "2019.12.14"]
[Round "3.2"]
[White "Burchardt, Brigitte"]
[Black "Berzina, Ilze"]
[Result "1/2-1/2"]
[WhiteElo "2080"]
[BlackElo "2193"]
[PlyCount "45"]
[EventDate "2019.??.??"]

1. e4 c6 2. Nc3 d5 3. Nf3 Nf6 4. exd5 cxd5 5. d4 Bg4 6. h3 Bxf3 7. Qxf3 Nc6 8.
Bb5 e6 9. O-O Be7 10. Ne2 Qb6 11. Ba4 Qa6 12. Bb3 Na5 13. Bf4 O-O 14. c3 Nxb3
15. axb3 Qb6 16. b4 a6 17. Rfe1 Bd6 18. Bxd6 Qxd6 19. Ng3 Rac8 20. Re3 h6 21.
Qe2 Qb6 22. Rf3 Qd8 23. Re3 1/2-1/2

[Event "FB21 1920 SC Rotation Pankow - SG 1871 "]
[Site "?"]
[Date "2019.12.14"]
[Round "3.3"]
[White "Otikova, Elina"]
[Black "Jahn, Constanze"]
[Result "1-0"]
[WhiteElo "2086"]
[BlackElo "2055"]
[PlyCount "93"]
[EventDate "2019.??.??"]

1. e4 c5 2. Nf3 a6 3. Nc3 e6 4. d4 b5 5. a4 b4 6. Na2 Bb7 7. Bd3 c4 8. Bxc4
Bxe4 9. O-O Qc7 10. Bd3 Bb7 11. Bd2 Nf6 12. Ne5 Nc6 13. Nxc6 Qxc6 14. f3 Qb6
15. c3 Be7 16. a5 Qxa5 17. Nxb4 Qb6 18. Nc2 O-O 19. c4 a5 20. Qe1 Qb3 21. Bc3
a4 22. Kh1 d5 23. c5 Ba6 24. Bxa6 Rxa6 25. Nb4 Raa8 26. Ra3 Qc4 27. Qa1 Bxc5
28. b3 axb3 29. Rxa8 Bxb4 30. Bxb4 Qxb4 31. Rb1 g6 32. Rxf8+ Kxf8 33. Qb2 Kg7
34. Qxb3 Qxd4 35. Rd1 Qf2 36. Qc3 h5 37. h3 h4 38. Qe5 Qg3 39. f4 Qf2 40. Kh2
Qc2 41. Ra1 Qf2 42. Ra3 Qd2 43. Ra7 Qd3 44. Qxe6 Qg3+ 45. Kg1 Kh6 46. Qe5 Kg7
47. Ra6 1-0

[Event "FB21 1920 SC Rotation Pankow - SG 1871 "]
[Site "?"]
[Date "2019.12.14"]
[Round "3.4"]
[White "Mai, Iris"]
[Black "Naumann, Nadine"]
[Result "1/2-1/2"]
[WhiteElo "2041"]
[BlackElo "1960"]
[PlyCount "132"]
[EventDate "2019.??.??"]

1. d4 d5 2. Nf3 Nf6 3. c4 c6 4. Nc3 e6 5. Qc2 a6 6. cxd5 exd5 7. Bg5 Be7 8. e3
h6 9. Bh4 Be6 10. Bd3 Nbd7 11. O-O O-O 12. a3 Nh5 13. Bxe7 Qxe7 14. b4 f5 15.
g3 g5 16. Rfe1 Qf6 17. Na4 Ng7 18. Nc5 Nxc5 19. bxc5 Rae8 20. Ne5 Bc8 21. f4 g4
22. Rab1 h5 23. Rb6 Re6 24. Reb1 h4 25. Qg2 h3 26. Qc2 Qe7 27. Kf2 Ref6 28. Qb3
Re6 29. Qc2 Ref6 30. R1b3 Re6 31. Ke2 Ref6 32. Kd2 Nh5 33. Kc1 Ng7 34. Kb1 Re6
35. Ka2 Ref6 36. Rb1 Re6 37. Kb3 Ref6 38. Ka4 Re6 39. Qb2 Rxe5 40. fxe5 Rf7 41.
Rf1 Qg5 42. Qf2 Ne6 43. Kb3 Nc7 44. Kb2 Ne8 45. Qf4 Qxf4 46. Rxf4 Ng7 47. Kc3
Kf8 48. Rb1 Nh5 49. Rf2 Kg7 50. Rbf1 Kg6 51. Kb4 Ng7 52. Ka5 Kg5 53. Kb6 Ne8
54. e4 dxe4 55. Bxe4 Ng7 56. Bc2 Be6 57. Bb1 Rd7 58. Rf4 Rf7 59. Ka5 Bc4 60.
R1f2 Be6 61. Rb2 Bd5 62. Rff2 Ne6 63. Rfd2 f4 64. gxf4+ Nxf4 65. Ba2 Kh4 66.
Bxd5 Nxd5 1/2-1/2

[Event "FB21 1920 SC Rotation Pankow - SG 1871 "]
[Site "?"]
[Date "2019.12.14"]
[Round "3.5"]
[White "Giebel, Christine"]
[Black "Wolf, Sylvia"]
[Result "0-1"]
[WhiteElo "1841"]
[BlackElo "2020"]
[PlyCount "58"]
[EventDate "2019.??.??"]

1. e4 c5 2. c3 d5 3. e5 Bf5 4. d4 e6 5. Bb5+ Nc6 6. Qa4 Qb6 7. Na3 cxd4 8. cxd4
Bxa3 9. bxa3 Nge7 10. Ne2 O-O 11. O-O a6 12. Bxc6 Nxc6 13. Qd1 Rfc8 14. a4 Bg6
15. Ba3 Na5 16. Nf4 Bf5 17. Bc5 Qd8 18. Qh5 b6 19. Bd6 Rc4 20. Rfd1 Rxa4 21.
Rac1 Nc4 22. g4 Bg6 23. Qh3 Nxd6 24. Nxg6 hxg6 25. exd6 Qxd6 26. Qb3 b5 27. Rc5
Rxd4 28. Rdc1 Rxg4+ 29. Kh1 Rc4 0-1

[Event "FB21 1920 SC Rotation Pankow - SG 1871 "]
[Site "?"]
[Date "2019.12.14"]
[Round "3.6"]
[White "Jeske, Kirsten"]
[Black "Schuster, Rebekka"]
[Result "1/2-1/2"]
[WhiteElo "1963"]
[BlackElo "1835"]
[PlyCount "44"]
[EventDate "2019.??.??"]

1. e4 e6 2. d4 d5 3. exd5 exd5 4. Bd3 Bd6 5. h3 Ne7 6. Nf3 Bf5 7. O-O Nbc6 8.
c3 Qd7 9. Bxf5 Nxf5 10. Re1+ Nce7 11. b4 O-O-O 12. a4 f6 13. Na3 g5 14. Nb5 Kb8
15. Nxd6 Nxd6 16. Nh2 h5 17. Qf3 Rdf8 18. b5 Nc4 19. Ba3 Nxa3 20. Rxa3 f5 21.
Qe3 Rh7 22. Qe6 Kc8 1/2-1/2

[Event "FB21 1920 SG Leipzig - SV Grün-Weiß N"]
[Site "?"]
[Date "2019.12.15"]
[Round "4.1"]
[White "Arnhold, Steffi"]
[Black "Halas, Julia"]
[Result "1-0"]
[WhiteElo "2018"]
[BlackElo "2087"]
[PlyCount "109"]
[EventDate "2019.??.??"]
[WhiteTeam "SV Grün-Weiß Niederwiesa"]
[BlackTeam "SG Leipzig"]

1. e4 e6 2. d4 d5 3. Nc3 Nf6 4. e5 Nfd7 5. f4 c5 6. Nf3 Nc6 7. Be3 Be7 8. Qd2
O-O 9. dxc5 Qa5 10. O-O-O b6 11. Bb5 Bb7 12. Kb1 Kh8 13. cxb6 axb6 14. Nd4 Rfc8
15. Nb3 Qa7 16. a3 Nc5 17. Qf2 Nxb3 18. Bxb6 Qb8 19. cxb3 d4 20. Na4 Na5 21.
Qxd4 Nxb3 22. Qe3 Na5 23. Rc1 Bxg2 24. Rxc8+ Qxc8 25. Rc1 Qb7 26. Bd3 Bd8 27.
Bxd8 Rxd8 28. Nc5 Qd5 29. Be4 Nc4 30. Bxd5 Nxe3 31. Bxg2 Nxg2 32. Rc4 Rd1+ 33.
Kc2 Ne3+ 34. Kb3 Nxc4 35. Kxc4 Rc1+ 36. Kb5 Rc2 37. b4 Rxh2 38. a4 h5 39. a5 h4
40. a6 Ra2 41. Ne4 h3 42. Kb6 f5 43. Ng3 g5 44. a7 h2 45. Kb7 gxf4 46. Nh1 Kg7
47. a8=Q Rxa8 48. Kxa8 Kg6 49. b5 Kg5 50. b6 Kg4 51. b7 Kf3 52. b8=Q Kg2 53.
Qb1 f3 54. Qe1 f4 55. Kb7 {Schwarz gab auf} 1-0

[Event "FB21 1920 SG Leipzig - SV Grün-Weiß N"]
[Site "?"]
[Date "2019.12.15"]
[Round "4.2"]
[White "Beltz, Franziska"]
[Black "Arnhold, Kerstin"]
[Result "1-0"]
[WhiteElo "2066"]
[BlackElo "1988"]
[PlyCount "67"]
[EventDate "2019.??.??"]
[WhiteTeam "SG Leipzig"]
[BlackTeam "SV Grün-Weiß Niederwiesa"]

1. e4 c5 2. Nf3 d6 3. d4 cxd4 4. Nxd4 Nf6 5. Nc3 a6 6. Bg5 e6 7. f4 Be7 8. Qf3
Qc7 9. O-O-O O-O 10. g4 b5 11. Bxf6 Bxf6 12. g5 Bxd4 13. Rxd4 Bb7 14. Rg1 Nc6
15. Rd2 b4 16. Ne2 Rac8 17. Rg3 Qa5 18. Qb3 Qc5 19. Qd3 Rfd8 20. Rh3 Ne7 21.
Nd4 Ng6 22. Qf3 d5 23. e5 Qa5 24. Kb1 Qb6 25. Qh5 Nf8 26. Qh4 a5 27. f5 Ba6 28.
Bxa6 Qxa6 29. Rf2 exf5 30. Nxf5 Qe6 31. g6 fxg6 32. Ne7+ Kh8 33. Rxf8+ Rxf8 34.
Qxh7# 1-0

[Event "FB21 1920 SG Leipzig - SV Grün-Weiß N"]
[Site "?"]
[Date "2019.12.15"]
[Round "4.3"]
[White "Peglau, Mirjam"]
[Black "Gempe, Anet"]
[Result "1/2-1/2"]
[WhiteElo "1916"]
[BlackElo "1992"]
[PlyCount "41"]
[EventDate "2019.??.??"]
[WhiteTeam "SV Grün-Weiß Niederwiesa"]
[BlackTeam "SG Leipzig"]

1. d4 e6 2. Nf3 Nf6 3. c4 d5 4. e3 Be7 5. Nc3 O-O 6. Be2 b6 7. O-O Bb7 8. Bd2
c5 9. cxd5 exd5 10. Rc1 Nbd7 11. dxc5 bxc5 12. Qa4 Qb6 13. Bb5 Rfd8 14. Rfd1
Qe6 15. Ne2 Nb6 16. Qc2 Ne4 17. Nf4 Qh6 18. Bd3 Nxd2 19. Qxd2 d4 20. e4 Rac8
21. Ne2 {(=)} 1/2-1/2

[Event "FB21 1920 SG Leipzig - SV Grün-Weiß N"]
[Site "?"]
[Date "2019.12.15"]
[Round "4.4"]
[White "Just, Gabriele"]
[Black "Peglau, Charis"]
[Result "0-1"]
[WhiteElo "1869"]
[BlackElo "1728"]
[PlyCount "110"]
[EventDate "2019.??.??"]
[WhiteTeam "SG Leipzig"]
[BlackTeam "SV Grün-Weiß Niederwiesa"]

1. d4 d5 2. Nf3 Nf6 3. Bg5 Bf5 4. Bxf6 exf6 5. Nbd2 Bd6 6. Nh4 Bg6 7. e3 c6 8.
Nxg6 hxg6 9. Nf3 Qc7 10. Be2 Nd7 11. c3 O-O-O 12. h4 g5 13. Qc2 gxh4 14. Rxh4
Rxh4 15. Nxh4 Rh8 16. Nf3 Qa5 17. a4 Rh1+ 18. Bf1 Nb6 19. Nd2 Qa6 20. b3 Nd7
21. O-O-O Qa5 22. Be2 Rxd1+ 23. Kxd1 Nf8 24. b4 Qc7 25. Qb3 Ng6 26. Bg4+ Kd8
27. c4 dxc4 28. Nxc4 Ke7 29. Ke2 Kf8 30. Nxd6 Qxd6 31. Qc4 Ne7 32. b5 g6 33.
Bf3 Kg7 34. Qc5 Qe6 35. Qxa7 Qa2+ 36. Ke1 Qa1+ 37. Bd1 Qc3+ 38. Ke2 Qc4+ 39.
Kd2 Qb4+ 40. Kc1 Qa3+ 41. Kc2 cxb5 42. Qxb7 Qxa4+ 43. Kd2 Qb4+ 44. Ke2 Qc4+ 45.
Kf3 Nf5 46. g3 Qd3 47. Kg2 Qxd1 48. Qxb5 Qc2 49. Qe8 Nd6 50. Qb8 Qe4+ 51. Kf1
Qh1+ 52. Ke2 Ne4 53. Qf4 Nc3+ 54. Kd2 Qa1 55. Qc7 Qd1+ {Weiß gab auf} 0-1

[Event "FB21 1920 SG Leipzig - SV Grün-Weiß N"]
[Site "?"]
[Date "2019.12.15"]
[Round "4.5"]
[White "Schiffer, Sabine"]
[Black "Oswald, Lena"]
[Result "1/2-1/2"]
[WhiteElo "1680"]
[BlackElo "1794"]
[PlyCount "128"]
[EventDate "2019.??.??"]
[WhiteTeam "SV Grün-Weiß Niederwiesa"]
[BlackTeam "SG Leipzig"]

1. d4 d5 2. c4 dxc4 3. Nc3 Nf6 4. e4 a6 5. Bxc4 e6 6. Bg5 Be7 7. Nf3 c5 8. dxc5
Qxd1+ 9. Rxd1 Bxc5 10. e5 Nfd7 11. O-O h6 12. Bh4 Nc6 13. Ne4 g5 14. Nxc5 Nxc5
15. Bg3 b5 16. Bb3 Nxb3 17. axb3 Ne7 18. Nd4 Bb7 19. f4 Nd5 20. Rd3 gxf4 21.
Bxf4 Nxf4 22. Rxf4 Rg8 23. Rd2 Rc8 24. Nf3 Ke7 25. Kf2 Rc5 26. Re2 Rgc8 27. Rd4
Rd5 28. Rxd5 Bxd5 29. Nd4 Rg8 30. g3 Rg4 31. Ke3 Re4+ 32. Kd3 Rxe2 33. Kxe2 f6
34. exf6+ Kxf6 35. b4 Ke5 36. Ke3 Kf6 37. Ne2 Kf5 38. Nf4 Ke5 39. Nd3+ Kf6 40.
Nc5 Kg5 41. Nxa6 Kg4 42. Nc7 Bc4 43. Kd4 e5+ 44. Kxe5 Kh3 45. Ne8 Kxh2 46. Kf4
Kg2 47. Nf6 Be2 48. Ng8 h5 49. Nf6 Kf2 50. Ne4+ Kg2 51. Ke3 Bf3 52. Ng5 Bg4 53.
Kf4 Be2 54. Ne4 Bd3 55. Nc3 Bc4 56. Kg5 Kxg3 57. Kxh5 Kf4 58. Kg6 Ke3 59. Kf5
Kd2 60. Ke5 Kc2 61. Kd4 Kxb2 62. Ne4 Kb3 63. Kc5 Bd3 64. Nd6 Ka4 {(=)} 1/2-1/2

[Event "FB21 1920 SC Leipzig-Lindenau - Chemnit"]
[Site "?"]
[Date "2019.12.15"]
[Round "4.1"]
[White "Czaeczine, Anne"]
[Black "Lowke, Kathrin"]
[Result "1-0"]
[WhiteElo "2200"]
[BlackElo "1845"]
[PlyCount "61"]
[EventDate "2019.??.??"]
[WhiteTeam "Chemnitzer SC Aufbau 95"]
[BlackTeam "SC Leipzig-Lindenau"]

1. e4 c5 2. Nf3 e6 3. d4 cxd4 4. Nxd4 a6 5. Bd3 Qc7 6. Qe2 Nc6 7. Nxc6 bxc6 8.
e5 d5 9. O-O Ne7 10. Bf4 Qb6 11. c3 a5 12. Be3 c5 13. Na3 Nc6 14. f4 Rb8 15.
Nb5 Na7 16. a4 Bd7 17. f5 Nxb5 18. fxe6 Qxe6 19. axb5 g6 20. c4 d4 21. Bf4 Bg7
22. Be4 O-O 23. Rxa5 Rb6 24. Ra7 Qg4 25. Qe1 Qe6 26. h3 Qe8 27. Qa5 Qd8 28.
Rxd7 Qxd7 29. Qxb6 Qe7 30. Qd6 Qa7 31. b6 {Schwarz gab auf} 1-0

[Event "FB21 1920 SC Leipzig-Lindenau - Chemnit"]
[Site "?"]
[Date "2019.12.15"]
[Round "4.2"]
[White "Weimert, Miriam"]
[Black "Brand, Kathrin"]
[Result "1/2-1/2"]
[WhiteElo "1845"]
[BlackElo "1828"]
[PlyCount "75"]
[EventDate "2019.??.??"]
[WhiteTeam "SC Leipzig-Lindenau"]
[BlackTeam "Chemnitzer SC Aufbau 95"]

1. e4 c5 2. Nc3 e6 3. Bc4 Nc6 4. f4 d6 5. Nf3 Nf6 6. d3 Be7 7. O-O a6 8. e5 Nd7
9. exd6 Bxd6 10. f5 Nf6 11. fxe6 Bxe6 12. Re1 O-O 13. Bxe6 fxe6 14. Rxe6 Qd7
15. Re1 Qc7 16. h3 Bg3 17. Rf1 Rae8 18. Bg5 Nd7 19. Ne4 Bf4 20. Bxf4 Qxf4 21.
Kh1 Qc7 22. Qd2 b6 23. Qc3 Kh8 24. a3 Nf6 25. Nfg5 Nxe4 26. Nxe4 Nd4 27. Qd2 h6
28. Rae1 Nc6 29. Qd1 Nd4 30. Rxf8+ Rxf8 31. c3 Nc6 32. Rf1 Qe7 33. Rxf8+ Qxf8
34. Qh5 Qf1+ 35. Kh2 Qf4+ 36. Kg1 Qe3+ 37. Kh1 Qc1+ 38. Kh2 {(=)} 1/2-1/2

[Event "FB21 1920 SC Leipzig-Lindenau - Chemnit"]
[Site "?"]
[Date "2019.12.15"]
[Round "4.3"]
[White "Kaden, Romy"]
[Black "Spangenberg, Romy"]
[Result "1/2-1/2"]
[WhiteElo "1858"]
[BlackElo "1860"]
[PlyCount "50"]
[EventDate "2019.??.??"]
[WhiteTeam "Chemnitzer SC Aufbau 95"]
[BlackTeam "SC Leipzig-Lindenau"]

1. e4 c5 2. c3 d5 3. exd5 Qxd5 4. d4 Nc6 5. Na3 cxd4 6. Nb5 Qd8 7. Nxd4 Nxd4 8.
cxd4 e6 9. Bb5+ Bd7 10. Bxd7+ Qxd7 11. Nf3 Bb4+ 12. Bd2 Bxd2+ 13. Qxd2 Ne7 14.
O-O O-O 15. Rac1 Nd5 16. Rc2 Rfc8 17. Rfc1 Rxc2 18. Qxc2 h6 19. h3 Nb6 20. b3
Rc8 21. Qd2 Nd5 22. Ne5 Rxc1+ 23. Qxc1 Qc7 24. Qc5 b6 25. Qxc7 Nxc7 {(=)}
1/2-1/2

[Event "FB21 1920 SC Leipzig-Lindenau - Chemnit"]
[Site "?"]
[Date "2019.12.15"]
[Round "4.4"]
[White "Herbrig, Marie-Helen"]
[Black "Schubert, Arlene"]
[Result "1-0"]
[WhiteElo "1875"]
[BlackElo "1572"]
[PlyCount "115"]
[EventDate "2019.??.??"]
[WhiteTeam "SC Leipzig-Lindenau"]
[BlackTeam "Chemnitzer SC Aufbau 95"]

1. d4 d5 2. Nf3 Nf6 3. Bf4 e6 4. e3 Be7 5. Bd3 Nbd7 6. Nbd2 c5 7. c3 b6 8. Bb5
O-O 9. Bc6 Ba6 10. Bxa8 Qxa8 11. Rc1 Rc8 12. Ng1 Ne8 13. Ne2 Nd6 14. O-O cxd4
15. exd4 Nc4 16. Nxc4 dxc4 17. Ng3 Bb7 18. f3 Nf6 19. Qe2 Nd5 20. Bd2 Qb8 21.
Ne4 Nf4 22. Qe3 Nd5 23. Qe1 Bd8 24. Rb1 Bc7 25. Qh4 f6 26. Rfe1 Bd8 27. Qh3 Rc6
28. Nf2 Bc8 29. Ng4 Qd6 30. Qg3 Qf8 31. Ne3 Bc7 32. Qh4 Nf4 33. Red1 Ng6 34.
Qe1 Qd6 35. Nf1 e5 36. dxe5 Qc5+ 37. Be3 Qxe5 38. Rd4 b5 39. Rbd1 Be6 40. Re4
Qh5 41. Bxa7 Nf4 42. Qe3 Nd5 43. Qd2 Rd6 44. Rxe6 Rxe6 45. Qxd5 Qf7 46. Qxb5
Re5 47. Qd7 Re7 48. Qa4 h6 49. Bc5 Re5 50. Rd7 Qh5 51. Qxc4+ Kh7 52. Rxc7 Qg6
53. Be3 Ra5 54. Rc8 Qc2 55. Qg8+ Kg6 56. Rc7 Qxb2 57. g4 Qe2 58. Qxg7# 1-0

[Event "FB21 1920 SC Leipzig-Lindenau - Chemnit"]
[Site "?"]
[Date "2019.12.15"]
[Round "4.6"]
[White "Kalkhof, Sandra"]
[Black "Brewig, Becky"]
[Result "1-0"]
[WhiteElo "1878"]
[BlackElo "1403"]
[PlyCount "83"]
[EventDate "2019.??.??"]
[WhiteTeam "SC Leipzig-Lindenau"]
[BlackTeam "Chemnitzer SC Aufbau 95"]

1. e4 c5 2. Nf3 Nc6 3. d4 cxd4 4. Nxd4 d6 5. Be2 g6 6. O-O Bg7 7. c3 Nf6 8.
Nxc6 bxc6 9. Qc2 O-O 10. Kh1 Bb7 11. f4 Kh8 12. Be3 Qc7 13. Bf3 Nd7 14. Nd2 e5
15. f5 d5 16. g4 Nb6 17. g5 Rfd8 18. f6 Bf8 19. Nb3 Nd7 20. Qg2 Nb6 21. Rad1
Qd7 22. Nc5 Bxc5 23. Bxc5 Qe8 24. b3 dxe4 25. Bxe4 Nd5 26. Qc2 a6 27. c4 Nf4
28. Be7 Rd7 29. Rd2 Rxe7 30. fxe7 Qxe7 31. h4 Kg7 32. Qd1 c5 33. Bxb7 Qxb7+ 34.
Qf3 e4 35. Qxf4 e3+ 36. Rg2 Re8 37. Re1 Re4 38. Qf6+ Kg8 39. Kg1 Rd4 40. Rxe3
Rd1+ 41. Kh2 Rd4 42. Re8# 1-0

[Event "FB21 1920 SG 1871 Löberitz - USV TU Dr"]
[Site "?"]
[Date "2019.12.15"]
[Round "4.1"]
[White "Vavrinkova, Eliska"]
[Black "Reizniece-Ozola, Dana"]
[Result "0-1"]
[WhiteElo "1800"]
[BlackElo "2308"]
[PlyCount "60"]
[EventDate "2019.??.??"]

1. d4 Nf6 2. c4 g6 3. g3 Bg7 4. Bg2 O-O 5. Nc3 d6 6. Nf3 Nc6 7. O-O a6 8. Re1
Rb8 9. Rb1 Bf5 10. e4 Bg4 11. Be3 Re8 12. h3 Bxf3 13. Bxf3 e5 14. d5 Nd4 15.
Bg2 c5 16. Kh2 b5 17. cxb5 axb5 18. b4 Nd7 19. Bf1 Qf6 20. Bg2 Rec8 21. Qd2 Nb6
22. Bxd4 exd4 23. Nd1 c4 24. f4 c3 25. Qc2 d3 26. Qxd3 c2 27. Rc1 cxd1=Q 28.
Rexd1 Rxc1 29. Rxc1 Qb2 30. Qf1 Nc4 0-1

[Event "FB21 1920 SG 1871 Löberitz - USV TU Dr"]
[Site "?"]
[Date "2019.12.15"]
[Round "4.2"]
[White "Berzina, Ilze"]
[Black "von Keyserlingk, Chanda"]
[Result "1-0"]
[WhiteElo "2193"]
[BlackElo "1723"]
[PlyCount "41"]
[EventDate "2019.??.??"]

1. e4 c5 2. Nf3 d6 3. Bb5+ Nc6 4. O-O Bd7 5. Re1 Nf6 6. h3 g6 7. c3 Bg7 8. d4
cxd4 9. cxd4 O-O 10. Nc3 a6 11. Bf1 Rc8 12. Bg5 Na5 13. e5 dxe5 14. dxe5 Ne8
15. Nd5 Nc6 16. Rc1 h6 17. Nxe7+ Nxe7 18. Rxc8 Qxc8 19. Bxe7 Nc7 20. Bxf8 Bxf8
21. Qc2 1-0

[Event "FB21 1920 SG 1871 Löberitz - USV TU Dr"]
[Site "?"]
[Date "2019.12.15"]
[Round "4.4"]
[White "Naumann, Nadine"]
[Black "Gottschall, Ina"]
[Result "1/2-1/2"]
[WhiteElo "1960"]
[BlackElo "1632"]
[PlyCount "96"]
[EventDate "2019.??.??"]

1. e4 g6 2. d4 Bg7 3. Nf3 d6 4. Bc4 e6 5. O-O Nd7 6. Bg5 Ndf6 7. e5 dxe5 8.
Nxe5 h6 9. Bh4 g5 10. Bg3 Qe7 11. Qf3 h5 12. h4 g4 13. Qb3 a6 14. a4 Ne4 15.
Re1 Nd6 16. Bd3 Nh6 17. Nd2 Nhf5 18. Bxf5 Nxf5 19. d5 Nxg3 20. Qxg3 Qd6 21.
Ndc4 Qc5 22. Rad1 b5 23. Qf4 O-O 24. axb5 axb5 25. Ne3 Qd6 26. Nd3 e5 27. Qb4
Qxb4 28. Nxb4 f5 29. c3 f4 30. Nec2 Bd7 31. d6 cxd6 32. Rxd6 Bf5 33. Na3 Rab8
34. Rd5 Be6 35. Rxb5 Rxb5 36. Nxb5 Rd8 37. Nc6 Rd2 38. Nc7 Bf7 39. b4 Bf6 40.
g3 f3 41. b5 Rb2 42. Nb4 e4 43. Ncd5 Bxc3 44. Nxc3 Rxb4 45. Rxe4 Rb3 46. Re3
Bc4 47. b6 Rxb6 48. Re1 Bf7 1/2-1/2

[Event "FB21 1920 SV Merseburg - SC Rotation Pa"]
[Site "?"]
[Date "2019.12.15"]
[Round "4.1"]
[White "Wagner-Michel, Annett"]
[Black "Hartung, Katja"]
[Result "1-0"]
[WhiteElo "2039"]
[BlackElo "1929"]
[PlyCount "31"]
[EventDate "2019.??.??"]

1. e4 e5 2. Nf3 Nc6 3. d4 exd4 4. Nxd4 Bc5 5. Nb3 Bb6 6. Nc3 Nge7 7. a4 a6 8.
Bg5 f6 9. Bf4 d6 10. Nd5 Nxd5 11. exd5 Ne7 12. Bd3 Bf5 13. a5 Ba7 14. O-O Qd7
15. Re1 O-O-O 16. Rxe7 1-0

[Event "FB21 1920 SV Merseburg - SC Rotation Pa"]
[Site "?"]
[Date "2019.12.15"]
[Round "4.3"]
[White "Jahn, Constanze"]
[Black "Pflug, Tanja"]
[Result "1-0"]
[WhiteElo "2055"]
[BlackElo "2042"]
[PlyCount "53"]
[EventDate "2019.??.??"]

1. e4 e6 2. Qe2 c5 3. g3 Nc6 4. c3 Be7 5. Bg2 Nf6 6. Nf3 d5 7. d3 O-O 8. O-O b6
9. Re1 dxe4 10. dxe4 e5 11. Na3 Qc7 12. Nc2 Rd8 13. Nh4 a5 14. Bg5 Ba6 15. Qf3
Rd3 16. Ne3 Rd2 17. Nd5 Nxd5 18. Bxd2 Nf6 19. Rad1 Rd8 20. Bg5 h6 21. Bxf6 Bxf6
22. Nf5 Kh7 23. Rxd8 Nxd8 24. Ne3 Ne6 25. Nd5 Qd8 26. h4 Nc7 27. Nxb6 1-0

[Event "FB21 1920 SV Merseburg - SC Rotation Pa"]
[Site "?"]
[Date "2019.12.15"]
[Round "4.4"]
[White "Moritz, Cornelia"]
[Black "Mai, Iris"]
[Result "1/2-1/2"]
[WhiteElo "1809"]
[BlackElo "2041"]
[PlyCount "103"]
[EventDate "2019.??.??"]

1. e4 c5 2. Nc3 Nc6 3. f4 d6 4. g3 g6 5. Nf3 Bg7 6. Bg2 e6 7. O-O Nge7 8. d3
O-O 9. Ne2 e5 10. h3 Bd7 11. Kh2 Rc8 12. Rb1 Nd4 13. Nc3 Bc6 14. fxe5 dxe5 15.
Bg5 f6 16. Be3 Qd6 17. Qd2 b5 18. Rbd1 a6 19. Ne2 Bb7 20. Nh4 Qe6 21. g4 Qxa2
22. c3 Nxe2 23. Qxe2 g5 24. Nf5 Nxf5 25. gxf5 Qf7 26. Bf3 Qc7 27. Rg1 Kh8 28.
Bh5 c4 29. Bf3 cxd3 30. Qxd3 Rfd8 31. Qc2 Bf8 32. Rxd8 Rxd8 33. Rd1 Rxd1 34.
Qxd1 Qd6 35. Qxd6 Bxd6 36. Kg3 Kg7 37. Kg4 Bc6 38. h4 h6 39. h5 a5 40. Bb6 a4
41. Be2 Kf8 42. Kf3 Ke7 43. Ke3 Kd7 44. Kf3 Kc8 45. Bd3 Be8 46. Kg4 Be7 47. Ba5
Kb7 48. Bb4 Bxb4 49. cxb4 Ka7 50. Be2 Bf7 51. Kg3 Bc4 52. Kf2 1/2-1/2

[Event "FB21 1920 SV Merseburg - SC Rotation Pa"]
[Site "?"]
[Date "2019.12.15"]
[Round "4.6"]
[White "Kuemmel, Tina"]
[Black "Jeske, Kirsten"]
[Result "1/2-1/2"]
[WhiteElo "1448"]
[BlackElo "1963"]
[PlyCount "75"]
[EventDate "2019.??.??"]

1. Nf3 d5 2. g3 c6 3. Bg2 Nf6 4. d4 e6 5. O-O Bd6 6. Nbd2 Ne4 7. c3 f5 8. Qc2
Nd7 9. Ne1 O-O 10. Nd3 e5 11. f3 Nef6 12. Nxe5 Nxe5 13. dxe5 Bxe5 14. f4 Bd6
15. h3 Nh5 16. Qd3 g5 17. Nb3 Rf7 18. Rf3 g4 19. Rf1 Rg7 20. h4 Bd7 21. Bd2 Qe7
22. Kh2 Nf6 23. c4 dxc4 24. Qxc4+ Be6 25. Qd3 Bd5 26. Bc3 Rg6 27. Bxf6 Rxf6 28.
Bxd5+ cxd5 29. Qxd5+ Kg7 30. Nd4 Raf8 31. Rac1 Qf7 32. Nxf5+ Rxf5 33. Qxd6 Rd5
34. Qb4 Re8 35. Rc2 Rd7 36. Rfc1 Qxa2 37. Qb5 Qe6 38. Qg5+ 1/2-1/2

[Event "FB21 1920 SC Rotation Pankow - USV TU D"]
[Site "?"]
[Date "2020.02.02"]
[Round "5.1"]
[White "Vavrinkova, Eliska"]
[Black "Wagner-Michel, Annett"]
[Result "1/2-1/2"]
[WhiteElo "1820"]
[BlackElo "2037"]
[PlyCount "120"]
[EventDate "2020.??.??"]

1. d4 d5 2. Nf3 Nf6 3. c4 e6 4. cxd5 exd5 5. Nc3 h6 6. Bf4 c6 7. Qc2 Be6 8. e3
Bd6 9. Bg3 O-O 10. Bd3 Re8 11. O-O Bxg3 12. hxg3 Nbd7 13. b4 Qe7 14. Rab1 Rec8
15. Rfc1 Bg4 16. Be2 Bh5 17. Nh4 Bxe2 18. Qxe2 Ne4 19. Nf5 Qf8 20. Nxe4 dxe4
21. Nxh6+ Kh7 22. Ng4 g6 23. b5 Qd6 24. Rd1 Kg7 25. Qb2 Qd5 26. Ne5 Nb6 27. Qb4
cxb5 28. Qxb5 Qxa2 29. Ng4 Qe6 30. f3 exf3 31. gxf3 Rc2 32. Rb2 Rac8 33. Rxc2
Rxc2 34. d5 Qf5 35. Qd3 Qxd3 36. Rxd3 Nd7 37. e4 f5 38. Ne3 Rc1+ 39. Kf2 fxe4
40. fxe4 Ne5 41. Rd4 Rc7 42. g4 Rf7+ 43. Ke2 Kf6 44. Ra4 a6 45. Rd4 Ke7 46. Nc4
Nxc4 47. Rxc4 Kd6 48. Ke3 Rf1 49. Rc8 g5 50. Rg8 Re1+ 51. Kd3 Rd1+ 52. Ke2 Ra1
53. Rxg5 b5 54. Rg6+ Kd7 55. e5 b4 56. Rb6 Ra5 57. e6+ Kd8 58. Rxb4 Rxd5 59.
Rb6 a5 60. Kf3 Ke7 1/2-1/2